000 00512nam a2200205Ia 4500
003 OSt
005 20260214114545.0
008 210210b1969 xxu||||| |||| 00| 0 eng d
040 _cAL
041 _aeng
082 _a427 KURD
100 _aKurian, G B T
_9254903
245 _aDictionary of Indian English
260 _aMadras
_bIndian Universities
_c1969
300 _a353p
650 _aIndian English Dictionary
_9254904
690 _aEnglish Dictionaries
_9254905
906 _a028286
942 _2ddc
_cBK
999 _c79537
_d79537